|
|
|
|
| LEADER |
00000nam1a2200000 4500 |
| 001 |
156756 |
| 005 |
20231031153400.0 |
| 035 |
|
|
|a (RuTPU)RU\TPU\book\170004
|
| 090 |
|
|
|a 156756
|
| 100 |
|
|
|a 20090330d2007 m y0rusy50 ca
|
| 101 |
0 |
|
|a rus
|
| 102 |
|
|
|a RU
|
| 200 |
1 |
|
|a Язык и мировая культура: взгляд молодых исследователей.
|e материалы VII российской научно-практической конференции-коенкурса преподавателей, аспирантов, студентов вузов и учащихся старших классов альтернативных учебных заведений
|f Томский политехнический университет (ТПУ) ; гл. ред. Н. А. Качалова
|
| 210 |
|
|
|a Томск
|c Изд-во ТПУ
|d 2007
|
| 702 |
|
1 |
|a Качалов
|b Н. А.
|4 651
|
| 712 |
0 |
2 |
|a Томский политехнический университет (ТПУ)
|c (1991- )
|2 stltpush
|3 (RuTPU)RU\TPU\col\376
|
| 712 |
1 |
2 |
|a Язык и мировая культура: взгляд молодых исследователей.
|c конференция
|d 7
|e Томск
|f 2007
|
| 801 |
|
1 |
|a RU
|b 63413507
|c 20090330
|g PSBO
|
| 801 |
|
2 |
|a RU
|b 63413507
|c 20090410
|g PSBO
|
| 942 |
|
|
|c BK
|